| 000 | 01107nam a2200265 a 4500 | ||
|---|---|---|---|
| 001 | 000036000 | ||
| 005 | 20240307073948.0 | ||
| 008 | 111122s1993 dr ab 000 0 spa d | ||
| 040 |
_aDO-SdBNP _bspa _cBNPHU |
||
| 082 |
_a711.13 _bG377c |
||
| 100 | 1 |
_aGerónimo, Joaquín _9676 |
|
| 245 | 1 | 0 |
_aCampo ciudad : _barticulos y conferencias sobre temas de urbanismo / _cJoaquín Gerónimo. |
| 260 |
_aSanto Domingo : _bUniversitaria-UASD, _c1993. |
||
| 300 |
_a204 p. : _bil., mapas. ; _c21 cm. |
||
| 490 | 1 |
_aUniversidad Autónoma de Santo Domingo _v720 |
|
| 490 | 1 |
_aAmbiente y sociedad _v4 |
|
| 500 | _aIncluye referencias bibliográficas y notas al pie de las páginas. | ||
| 590 | _aInventariado, 2018/LP | ||
| 650 | 4 |
_aUrbanismo _xRepública dominicana _xAspectos sociales _xEnsayos, conferencias, etc. _962032 |
|
| 650 | 4 |
_aDesarrollo regional _xCongresos, conferencias, etc. _962033 |
|
| 710 | 1 |
_aUniversidad Autónoma de Santo Domingo _972951 |
|
| 830 | 0 |
_aUniversidad Autónoma de Santo Domingo ; _n720 _962034 |
|
| 830 | 0 |
_aAmbiente y sociedad ; _n4 _962035 |
|
| 910 | _aValidado. Control de calidad MFF | ||
| 999 |
_c35491 _d35491 |
||